| Tag |
First Indicator |
Second Indicator |
Subfields |
| LEADER |
00000cam a22000001a 4500 |
| 001 |
in00002152221 |
| 006 |
m e d # |
| 007 |
cr mn mmmmabba |
| 008 |
860418s1782 nyu s 000 0 eng d |
| 005 |
20260331150218.2 |
| 035 |
|
|
|z w006370
|
| 035 |
|
|
|a MAAR8604181005B
|
| 035 |
|
|
|9 mwa91-37803
|
| 035 |
|
|
|a 318988
|
| 035 |
|
|
|a aas03006370
|
| 040 |
|
|
|a MWA
|c MWA
|e bdrb
|d UtOrBLW
|
| 110 |
1 |
|
|a Great Britain.
|b Army.
|
| 245 |
1 |
0 |
|a By Samuel Birch, Esq; brigadier general and commandant of New-York, &c :
|b Whereas the safety of the city and the general security of the inhabitants, is highly interested in maintaining a strict and regular city watch, the following rules, for its better rgulation, are hereby ordered to be strictly observed ...
|
| 264 |
|
3 |
|a New-York :
|b Printed by William Lewis, no. 19, Wall-Street,
|c [1782]
|
| 300 |
|
|
|a 1 sheet (1 unnumbered page) ;
|c 40 x 32 cm.
|
| 336 |
|
|
|a text
|b txt
|2 rdacontent
|
| 337 |
|
|
|a computer
|b c
|2 rdamedia
|
| 338 |
|
|
|a online resource
|b cr
|2 rdacarrier
|
| 500 |
|
|
|a Containing regulations for the safety of occupied New York City.
|
| 500 |
|
|
|a Signed: By order of the commandant, J. Amiel, major of brigade to the militia. New-York, 23d January, 1782.
|
| 500 |
|
|
|a At head of title: royal arms.
|
| 510 |
4 |
|
|a Bristol
|c B5526
|
| 510 |
4 |
|
|a Shipton & Mooney
|c 44203
|
| 530 |
|
|
|a Microform version available in the Readex Early American Imprints series.
|
| 533 |
|
|
|a Electronic text and image data.
|b [Chester, Vt. :
|c Readex, a division of Newsbank, Inc.,
|d 2002-2004.
|e Includes files in TIFF, GIF and PDF formats with inclusion of keyword searchable text.
|f (Early American imprints. First series ; no. 44203).
|
| 500 |
|
|
|a Electronic resource.
|
| 650 |
|
0 |
|a Watchmen.
|
| 651 |
|
0 |
|a New York (N.Y.)
|x History
|y Revolution, 1775-1783.
|
| 655 |
|
7 |
|a Broadsides.
|2 rbgenr
|
| 700 |
1 |
|
|a Birch, Samuel.
|
| 752 |
|
|
|a United States
|b New York
|d New York.
|
| 830 |
|
0 |
|a Early American imprints.
|n Series I,
|p Evans (1639-1800) ;
|v no. 44203.
|
| 856 |
4 |
1 |
|u http://proxy.library.tamu.edu/login?url=https://opac.newsbank.com/select/evans/44203
|y Evans Digital Edition
|t 0
|
| 999 |
|
|
|a MARS
|
| 999 |
f |
f |
|s 7cadd41f-3506-3fa3-b5e9-7c4f5bfce657
|i 97ce994c-352b-3555-b61b-d4228eff1338
|t 0
|
| 952 |
f |
f |
|a Texas A&M University
|b College Station
|c Electronic Resources
|s www_evans
|d Available Online
|t 0
|h No information provided
|
| 998 |
f |
f |
|t 0
|l Available Online
|